| 000 | 00453nam a2200181Ia 4500 | ||
|---|---|---|---|
| 003 | GCL | ||
| 008 | 140319s9999 xx 000 0 eng d | ||
| 040 |
_aGCL / _cGCL |
||
| 082 | 0 | 4 |
_a747.2 _bS G |
| 100 | 1 | _aSLESIN, SUZANNE | |
| 245 | 1 | 0 |
_aGREEK STYLE / _cSLESIN, SUZANNE |
| 260 |
_a[S.N] : _bTHAMES AND HUDSON ، _c1995 |
||
| 300 | _a299 | ||
| 650 | 0 | 4 | _aINTERIOR DECORATION |
| 650 | 0 | 4 | _aINTERIOR DESIGN |
| 650 | 0 | 4 | _aGREEK STYLE |
| 942 |
_2ddc _cBK |
||
| 999 |
_c25662 _d25662 |
||